000 00889nas a2200277 4500
001 BR8303530
003 BR-BrBNA
005 20231205085603.0
007 ta
008 230509b bl.|||p| |||| 00| 00por d
040 _aBR-BrBNA
_bpor
_cBiblioteca Nacional de Agricultura
041 _a(Pt)
072 _aE50
100 1 _aGuillaumon, J.R.
100 1 _aEmmerich, W.
111 1 _a4. Congresso Florestal Brasileiro
_cBelo Horizonte, MG (Brazil)
_d10-15 May 1982
245 1 _aEstudo de ecologia humana em funcao do manejo da paisagem [Parque Estadual, Sao Paulo, Brasil]
650 _aECOLOGIA HUMANA
650 _aPAISAGISMO
650 _aAREA VERDE
650 _aPARQUE ESTADUAL
650 _aSAO PAULO
773 0 _tSilvicultura (Brazil)
_xISSN 0100-3615
_g(Jan-Feb 1983), v. 8(28) p. 70-71
_wBR8303530
909 _a202311
_bLúcia
_c55
_dLúcia Elande
942 _2AGRIS
_n0
_cANA
999 _c112402
_d112402